[Event "Ch Europe"]
[Site "masterchessopen.com Ohrid (Macedonia)"]
[Round "4"]
[White "Nijboer Friso (NED)"]
[Black "Arbakov Valentin (RUS)"]
[Result "1-0"]
[WhiteElo "2565"]
[BlackElo "2430"]

1.e4 c5 2.Nf3 d6 3.d4 cxd4 4.Nxd4 Nf6 5.Nc3 e6 6.Be2 a6 7.O-O Qc7 8.f4 Be7
9.Be3 Nc6 10.Qe1 O-O 11.Qg3 Bd7 12.Rad1 Nxd4 13.Bxd4 Bc6 14.Bf3 Rad8 15.Rfe1
b5 16.Nd5 exd5 17.exd5 Ba8 18.Rxe7 Qxe7 19.Re1 Qxe1+ 20.Qxe1 Nxd5 21.f5 Nc7
22.Bxa8 Rxa8 23.Bxg7 Kxg7 24.Qc3+ f6 25.Qxc7+ Kh8 26.Qxd6 a5 27.h4 b4 28.h5
Kg7 29.Qg3+ Kh8 30.h6 Rf7 31.Qd6 Kg8 32.c4 bxc3 33.bxc3 a4 34.c4 a3 35.c5 {#r}
1-0

[Event "Ch Spain (juniors) (under 16)"]
[Site "masterchessopen.com Oropesa (Spain)"]
[Round "2"]
[White "Rincon Bascon Jorge (ESP)"]
[Black "Alcazar Jimenez Victor (ESP)"]
[Result "0-1"]
[WhiteElo "2190"]
[BlackElo "2237"]

1.e4 c5 2.Nf3 e6 3.d4 cxd4 4.Nxd4 a6 5.Nc3 Qc7 6.Be2 Nf6 7.O-O d6 8.Be3 b5
9.a3 Bb7 10.f3 Nbd7 11.Qe1 Be7 12.Rd1 O-O 13.g4 Ne5 14.g5 Nfd7 15.f4 Nc6 16.f5
Nxd4 17.Rxd4 exf5 18.exf5 Rfe8 19.Qg3 Bf8 20.g6 Ne5 21.gxh7+ Kh8 22.f6 Re6
23.Bh6 Ng6 24.fxg7+ Bxg7 25.Bxg7+ Kxg7 26.Bg4 Re5 27.Qf2 Qe7 28.Bf5 Rh8
29.Bxg6 Rg5+ {#R} 0-1

[Event "Ch Spain (juniors) (under 18)"]
[Site "masterchessopen.com Oropesa (Spain)"]
[Round "7"]
[White "Lopez Del Alamo Alberto (ESP)"]
[Black "Gonzalvo Lara Victor (ESP)"]
[Result "1-0"]
[WhiteElo "2153"]
[BlackElo "2109"]

1.e4 c5 2.Nf3 d6 3.d4 cxd4 4.Nxd4 Nf6 5.Nc3 a6 6.Be2 e6 7.O-O Qc7 8.f4 b5 9.a3
Bb7 10.Bf3 Nbd7 11.Kh1 h5 12.Qe2 Rc8 13.Be3 Be7 14.Rad1 h4 15.h3 Nb6 16.Bc1
Nc4 17.Rd3 g6 18.Re1 Nh5 19.Bxh5 gxh5 20.f5 e5 21.Nf3 Nb6 22.Qf2 Rd8 23.Red1
Qc4 24.Qxb6 Bxe4 25.Nxe4 Qxe4 26.f6 Bxf6 27.Rxd6 Rc8 28.Rxf6 Qxc2 29.Qd6 {#r}
1-0

[Event "Cup European Club (final)"]
[Site "masterchessopen.com Panormo (Greece)"]
[Round "1"]
[White "Grischuk Alexander (RUS)"]
[Black "Zetocha Claudiu (SVK)"]
[Result "1-0"]
[WhiteElo "2666"]
[BlackElo "2439"]

1.e4 c5 2.Nf3 e6 3.d4 cxd4 4.Nxd4 a6 5.Nc3 Qc7 6.Be2 Nf6 7.O-O d6 8.f4 Be7
9.Qe1 b5 10.Bf3 Bb7 11.e5 dxe5 12.fxe5 Bc5 13.Kh1 Bxd4 14.exf6 Bxf3 15.Rxf3
gxf6 16.Ne4 Nd7 17.Bf4 Be5 18.Nxf6+ {#r} 1-0

[Event "Cup European Club (final)"]
[Site "masterchessopen.com Panormo (Greece)"]
[Round "7"]
[White "Upton Timothy J (SCO)"]
[Black "Pedersen Steffen (DEN)"]
[Result "0-1"]
[WhiteElo "2303"]
[BlackElo "2437"]

1.e4 c5 2.Nf3 d6 3.d4 cxd4 4.Nxd4 Nf6 5.Nc3 a6 6.Be2 e6 7.O-O Qc7 8.f4 Nc6
9.Be3 Be7 10.Qe1 O-O 11.Qg3 Nxd4 12.Bxd4 b5 13.a3 Bb7 14.Rae1 Rae8 15.Kh1 Bc6
16.Bd3 e5 17.fxe5 Nh5 18.Qg4 dxe5 19.Be3 Nf6 20.Qg3 Nh5 21.Qg4 g6 22.Bh6 Ng7
23.h4 Bd7 24.Qg3 Qd8 25.Qxe5 Nh5 26.Bxf8 Bxh4 27.Qd5 Rxf8 28.Re3 Ng3+ 29.Kh2
Nxf1+ 30.Bxf1 Bf2 {#R} 0-1

[Event "It (open)"]
[Site "masterchessopen.com Virginia Beach (USA)"]
[Round "5"]
[White "Visweswaran K (IND)"]
[Black "Liebowitz Errol (USA)"]
[Result "1-0"]
[WhiteElo "2338"]
[BlackElo "2231"]

1.e4 c5 2.Nf3 d6 3.d4 cxd4 4.Nxd4 Nf6 5.Nc3 e6 6.Be2 a6 7.O-O Qc7 8.a4 b6 9.f4
Bb7 10.Bf3 Be7 11.e5 dxe5 12.fxe5 Nfd7 13.Bxb7 Qxb7 14.Qg4 Nc6 15.Nxc6 Qxc6
16.Kh1 h5 17.Qe2 h4 18.h3 g6 19.Bf4 Rh5 20.Rad1 Nc5 21.Bh2 Rb8 22.b4 Nxa4
23.Ne4 Nc3 24.Qf3 Rf5 25.Nf6+ {#r} 1-0

[Event "It (open)"]
[Site "masterchessopen.com Fuzesabony (Hungary)"]
[Date "2001.08.20"]
[Round "6"]
[White "Papp Z Csaba (HUN)"]
[Black "Kovacs Tamas (HUN)"]
[Result "1-0"]
[WhiteElo "2295"]
[BlackElo "2180"]

1.e4 c5 2.Nf3 e6 3.d4 cxd4 4.Nxd4 a6 5.Nc3 Qc7 6.Be2 Nf6 7.O-O d6 8.Be3 Be7
9.f4 Nbd7 10.Qe1 O-O 11.Bf3 Rb8 12.Rd1 b5 13.e5 dxe5 14.Nc6 Bd6 15.Nxb8 Qxb8
16.Qd2 exf4 17.Qxd6 Qxd6 18.Rxd6 fxe3 19.Re1 Ne5 20.b3 Nxf3+ 21.gxf3 Bb7
22.Rxe3 Rc8 23.Red3 Kf8 24.Rd8+ Ke7 25.Rxc8 Bxc8 26.a4 b4 27.Na2 Nd5 28.Rd4 a5
29.Rc4 Bb7 30.Rc5 Kd6 31.Rxa5 Nf4 32.Kf2 Nh3+ 33.Ke3 Ng5 34.Rxg5 {#r} 1-0

[Event "Staatsliga B East 2001/02"]
[Site "masterchessopen.com Austria"]
[Round "7"]
[White "Sandhu Mario (AUT)"]
[Black "Hadjieff Dieter (AUT)"]
[Result "1-0"]
[WhiteElo "2334"]
[BlackElo "2271"]

1.e4 c5 2.Nf3 e6 3.d4 cxd4 4.Nxd4 a6 5.Be2 Nf6 6.Nc3 Qc7 7.O-O d6 8.Be3 Nbd7
9.f4 g6 10.Bf3 e5 11.Nde2 b5 12.g4 h6 13.g5 hxg5 14.fxg5 Nh5 15.Nd5 Qd8 16.Qd2
Bg7 17.Bxh5 Rxh5 18.Ng3 Rh4 19.Qf2 Rf4 20.Bxf4 exf4 21.Qxf4 Ne5 22.Nf6+ Kf8
23.Rad1 Bh3 24.Rf2 Qb6 25.Ne2 Rc8 26.Nd5 Rc4 27.Qe3 {#r} 1-0

[Event "Olympiad"]
[Site "masterchessopen.com Bled (Slovenia)"]
[Round "7"]
[White "Sebih Kamel (ALG)"]
[Black "Smith Robert W (NZL)"]
[Result "1-0"]
[WhiteElo "2332"]
[BlackElo "2265"]

1.e4 c5 2.Nf3 e6 3.d4 cxd4 4.Nxd4 a6 5.Nc3 Qc7 6.Be2 Nf6 7.O-O d6 8.a4 b6 9.f4
Bb7 10.Bf3 Be7 11.g4 Nc6 12.Be3 Nd7 13.Bg2 O-O 14.Rf3 Nxd4 15.Bxd4 Rac8 16.Rh3
e5 17.Be3 exf4 18.Bxf4 Rfe8 19.Kh1 Bf8 20.Qe1 Ne5 21.g5 g6 22.Qh4 h5 23.gxh6
Kh7 24.Rf1 Be7 25.Qf2 Rf8 26.Bxe5 dxe5 27.Rf3 f6 28.Rg3 Kxh6 29.Qe3+ Kg7
30.Bh3 Rcd8 31.Rxg6+ Kxg6 32.Be6 {#r} 1-0

[Event "It (open)"]
[Site "masterchessopen.com Burgos (Spain)"]
[Round "2"]
[White "Lopez Rodriguez Walter (ESP)"]
[Black "Alonso Rene (CUB)"]
[Result "0-1"]
[WhiteElo "2073"]
[BlackElo "2371"]

1.e4 c5 2.Nf3 d6 3.d4 cxd4 4.Nxd4 Nf6 5.Nc3 a6 6.Be2 e6 7.O-O Qc7 8.Be3 Be7
9.a4 b6 10.f4 Bb7 11.Bf3 Nbd7 12.Qe2 g6 13.Nb3 e5 14.g3 O-O 15.Rad1 exf4
16.gxf4 Rfe8 17.Qg2 Bf8 18.Bf2 Rac8 19.h4 Qb8 20.Rfe1 Bh6 21.Bg3 Bg7 22.Bh2
Ba8 23.h5 gxh5 24.Rd3 Kh8 25.Qd2 Rg8 26.Kh1 b5 27.Rxd6 bxa4 28.Nxa4 Rxc2
29.Qd3 Rxh2+ 30.Kxh2 Bf8 31.Rxf6 Nxf6 32.e5 Qb5 33.Qd2 Qxb3 34.Bxa8 Qg3+ {#R}
0-1

[Event "It (open)"]
[Site "masterchessopen.com Chambery (France)"]
[Round "6"]
[White "Meng Yan (CHN)"]
[Black "Hirth Julien (FRA)"]
[Result "1-0"]
[WhiteElo "2078"]
[BlackElo "2103"]

1.e4 c5 2.Nf3 e6 3.d4 cxd4 4.Nxd4 a6 5.Nc3 Qc7 6.Be2 Nf6 7.O-O d6 8.a4 Bd7
9.g4 h6 10.f4 Nc6 11.Be3 Be7 12.Qd2 O-O-O 13.Ndb5 Qa5 14.b4 Nxb4 15.Rfb1 d5
16.Qd4 Nc6 17.Na7+ Nxa7 18.Qxa7 Bc6 19.Nb5 Nxe4 20.c3 d4 21.cxd4 Kd7 22.d5
exd5 23.Rd1 Ra8 24.Qd4 Bf6 25.Qxe4 Bxa1 26.Rxd5+ Bxd5 27.Qxd5+ {#r} 1-0

[Event "It (open)"]
[Site "masterchessopen.com Dresden (Germany)"]
[Round "4"]
[White "Weyer Hans-Juergen (GER)"]
[Black "Voigt Roland (GER)"]
[Result "0-1"]
[WhiteElo "1985"]
[BlackElo "2354"]

1.e4 c5 2.Nf3 d6 3.d4 cxd4 4.Nxd4 Nf6 5.Nc3 a6 6.Be2 e6 7.O-O Qc7 8.Be3 Nbd7
9.f3 Be7 10.Qe1 b5 11.a3 Bb7 12.Qg3 O-O 13.Rad1 Ne5 14.Rfe1 Rfd8 15.Bh6 Ng6
16.Be3 Rac8 17.Qf2 Ne5 18.Ndxb5 axb5 19.Bb6 Qb8 20.Bxd8 Bxd8 21.Bxb5 d5 22.Qe2
Bb6+ 23.Kh1 dxe4 24.f4 Neg4 25.g3 Rxc3 {#R} 0-1

[Event "Ch Finland (team) 2002/03"]
[Site "masterchessopen.com Finland"]
[Round "3"]
[White "Maki Veijo (FIN)"]
[Black "Vooremaa Andres (EST)"]
[Result "1-0"]
[WhiteElo "2388"]
[BlackElo "2278"]

1.e4 c5 2.Nf3 e6 3.d4 cxd4 4.Nxd4 a6 5.Be2 Nf6 6.Nc3 Qc7 7.O-O d6 8.f4 Be7
9.Be3 O-O 10.g4 Nc6 11.g5 Nd7 12.Bd3 Nxd4 13.Bxd4 Nc5 14.Qh5 Nxd3 15.cxd3 d5
16.e5 Bc5 17.Bxc5 Qxc5+ 18.Kh1 Rd8 19.Rf3 g6 20.Qh6 Qf8 21.Qh4 Bd7 22.Rh3 Qg7
23.Nd1 Rac8 24.Ne3 d4 25.Ng4 Rc2 26.Nf6+ Kf8 27.Qe1 {#r} 1-0

[Event "Ch France (team) (2) 2001/02"]
[Site "masterchessopen.com France"]
[Round "5"]
[White "Hernandez Gilberto (MEX)"]
[Black "Dimitrov Vladimir (BUL)"]
[Result "1-0"]
[WhiteElo "2542"]
[BlackElo "2438"]

1.e4 c5 2.Nf3 d6 3.d4 cxd4 4.Nxd4 Nf6 5.Nc3 a6 6.Be2 e6 7.O-O Qc7 8.f4 Be7
9.a4 b6 10.Bf3 Bb7 11.e5 dxe5 12.fxe5 Nfd7 13.Bxb7 Qxb7 14.Qh5 O-O 15.Nf3 Nc6
16.Bf4 Nb4 17.Bg5 Bc5+ 18.Kh1 Rfc8 19.Rae1 Nf8 20.Re2 Ng6 21.Qg4 Bf8 22.h4
Rxc3 23.bxc3 Nd5 24.h5 Nge7 25.c4 Nc3 26.Re3 Nxa4 27.Bxe7 {#r} 1-0

[Event "Ch Europe (juniors) (under 16)"]
[Site "masterchessopen.com Peniscola (Spain)"]
[Round "2"]
[White "Guerrero Arroyo Pedro (ESP)"]
[Black "Alcazar Jimenez Victor (ESP)"]
[Result "0-1"]
[WhiteElo "2039"]
[BlackElo "2317"]

1.e4 c5 2.Nf3 e6 3.d4 cxd4 4.Nxd4 Nf6 5.Nc3 d6 6.Be2 a6 7.O-O Qc7 8.Be3 b5
9.f3 Bb7 10.a4 b4 11.Na2 d5 12.Qd2 Bd6 13.g3 dxe4 14.Rad1 Nd5 15.fxe4 Nxe3
16.Qxe3 Bc5 17.Kh1 e5 18.Nb5 Ke7 19.Qd3 axb5 20.Qxb5 Bc6 {#R} 0-1

[Event "It (open)"]
[Site "masterchessopen.com Sommerda (Germany)"]
[Round "5"]
[White "Iglesias Jorge (ARG)"]
[Black "Gruber Thomas (GER)"]
[Result "1-0"]
[WhiteElo "2366"]
[BlackElo "2266"]

1.e4 c5 2.Nf3 e6 3.d4 cxd4 4.Nxd4 a6 5.Nc3 Qc7 6.Be2 Nf6 7.O-O d6 8.f4 Nbd7
9.Bf3 h6 10.Kh1 Be7 11.Qe1 Rg8 12.Be3 g5 13.g3 gxf4 14.gxf4 b5 15.e5 dxe5
16.Nb3 Bb7 17.Qe2 e4 18.Bg2 Nd5 19.Nxd5 Bxd5 20.f5 Nf6 21.fxe6 fxe6 22.Rf4 Qe5
23.Nd4 Bd6 24.Bh3 Ke7 25.Bxe6 Ke8 26.Rf5 Qxf5 27.Bxf5 Ke7 28.Bh3 Be5 29.Nf5+
Ke8 30.Rd1 Bc4 31.Qf2 Ng4 32.Qh4 Bf6 33.Qh5+ Bf7 34.Nd6+ {#r} 1-0

[Event "Ch Slovenia (juniors) (under 20)"]
[Site "masterchessopen.com Slovenia"]
[Round "9"]
[White "Bratovic Blaz (SLO)"]
[Black "Zorko Jure (SLO)"]
[Result "1-0"]
[WhiteElo "2322"]
[BlackElo "2215"]

1.e4 c5 2.Nf3 e6 3.d4 cxd4 4.Nxd4 a6 5.Nc3 Qc7 6.Be2 Nf6 7.O-O d6 8.f4 b5 9.e5
Nfd7 10.f5 Nxe5 11.fxe6 fxe6 12.Bh5+ g6 13.Bg4 Qe7 14.Ne4 Nxg4 15.Qxg4 Bg7
16.Ne2 d5 17.Ng5 Bf6 18.Nd4 h5 19.Qh4 e5 20.Ndf3 O-O 21.Qg3 Nc6 22.Bd2 Qg7
23.Rae1 Bd7 24.Nh4 Nd4 25.Bc3 Nf5 26.Nxf5 gxf5 27.h4 Rfe8 28.Qf3 d4 29.Qd5+
Kh8 30.Nf7+ Kh7 31.Qxd7 dxc3 32.Qxf5+ Qg6 33.Qxf6 Qxf6 34.Rxf6 {#r} 1-0

[Event "Ch Europe (juniors) (under 18)"]
[Site "masterchessopen.com Budva (Yugoslavia)"]
[Round "7"]
[White "Bratovic Blaz (SLO)"]
[Black "Grachev Boris (RUS)"]
[Result "0-1"]
[WhiteElo "2336"]
[BlackElo "2512"]

1.e4 c5 2.Nf3 e6 3.d4 cxd4 4.Nxd4 a6 5.Nc3 Qc7 6.Be2 Nf6 7.O-O d6 8.f4 Nbd7
9.Bf3 Be7 10.Kh1 Rb8 11.g4 h6 12.Bg2 g5 13.fxg5 hxg5 14.Bxg5 b5 15.Nc6 Qxc6
16.e5 Qc5 17.Bxf6 Bxf6 18.exf6 Qe5 19.h3 Bb7 20.Qd3 Nc5 {#R} 0-1

[Event "Ch India"]
[Site "masterchessopen.com Calicut (India)"]
[Round "23"]
[White "Hariharan Venkatachalam (IND)"]
[Black "Sundararajan Kidambi (IND)"]
[Result "0-1"]
[WhiteElo "2210"]
[BlackElo "2476"]

1.e4 c5 2.Nf3 d6 3.d4 cxd4 4.Nxd4 Nf6 5.Nc3 e6 6.Be2 a6 7.O-O Qc7 8.f4 Nbd7
9.Be3 b5 10.Bf3 Bb7 11.a3 Be7 12.g4 Nc5 13.e5 dxe5 14.fxe5 Nfe4 15.Ndxb5 axb5
16.Nxb5 Qxe5 17.Bd4 Qb8 18.b4 Ng5 19.bxc5 Bxf3 20.Rxf3 Qxb5 21.Rb3 Qc6 22.h4
Ne4 23.Bxg7 Bxc5+ 24.Kh2 Qd6+ 25.Qxd6 Bxd6+ 26.Kh3 Rg8 27.Bd4 Rc8 28.c3 f5
29.g5 h6 30.Be3 hxg5 31.Bxg5 Nxg5+ 32.hxg5 Rxg5 {#R} 0-1

[Event "Ch Vietnam"]
[Site "masterchessopen.com Dong Thap (Vietnam)"]
[Round "12"]
[White "Bao Quang (VIE)"]
[Black "Nguyen Huu Duc Luan (VIE)"]
[Result "1-0"]
[WhiteElo "2376"]
[BlackElo "2170"]

1.e4 c5 2.Nf3 d6 3.d4 cxd4 4.Nxd4 Nf6 5.Nc3 a6 6.Be2 e6 7.O-O Qc7 8.Be3 Be7
9.f4 Nc6 10.Bf3 Bd7 11.Nb3 b5 12.a3 O-O 13.Qd2 Rac8 14.Rad1 Kh8 15.Kh1 Ne8
16.e5 Nb8 17.Qf2 Bd8 18.exd6 Nxd6 19.Bc5 Nc4 20.Bxf8 Nxb2 21.Ne4 Nxd1 22.Bxd1
Bf6 23.Nxf6 Rxf8 24.Nxd7 Nxd7 25.h3 Rc8 26.Qd4 Nb6 27.Qe4 Nc4 28.Be2 Nd6
29.Qd3 Nf5 30.Qf3 Nh4 31.Qf2 Ng6 32.Bd3 Qe7 33.f5 Ne5 34.Be4 exf5 35.Qxf5 {#r}
1-0

[Event "Ch Vietnam (w)"]
[Site "masterchessopen.com Dong Thap (Vietnam)"]
[Round "1"]
[White "Ngo Dieu Hoa (VIE)"]
[Black "Vang Thi Thu Hang (VIE)"]
[Result "1-0"]
[WhiteElo "2084"]
[BlackElo "1997"]

1.e4 c5 2.Nf3 d6 3.d4 cxd4 4.Nxd4 Nf6 5.Nc3 a6 6.Be2 e6 7.O-O Qc7 8.Kh1 b5
9.Bf3 Bb7 10.Re1 Nbd7 11.a4 b4 12.Na2 a5 13.Nb5 Qb8 14.c3 Nc5 15.e5 dxe5
16.Bxb7 Nxb7 17.cxb4 axb4 18.Bd2 Nd5 19.Rc1 Bc5 20.Qg4 Kf8 21.b3 f5 22.Qc4 Kf7
23.Nxb4 Bxf2 24.Re2 Nxb4 25.Bxb4 Rc8 26.Nc7 Nd8 27.Rxf2 Kg8 28.Rxf5 Nf7
29.Rxf7 {#r} 1-0

[Event "Memorial K.Tsiolkovsky (open)"]
[Site "masterchessopen.com Kaluga (Russia)"]
[Round "6"]
[White "Voitsekhovsky Stanislav (RUS)"]
[Black "Gubajdullin Alexei (RUS)"]
[Result "1-0"]
[WhiteElo "2499"]
[BlackElo "2449"]

1.e4 c5 2.Nf3 d6 3.d4 cxd4 4.Nxd4 Nf6 5.Nc3 a6 6.Be2 e6 7.O-O Qc7 8.f4 Be7
9.a4 Nc6 10.Kh1 O-O 11.Be3 Re8 12.Bd3 Nd7 13.e5 g6 14.Qg4 Nc5 15.Nxc6 Qxc6
16.Bxc5 Qxc5 17.Ne4 Qd4 18.Qg3 Qxb2 19.Qf2 dxe5 20.fxe5 Rf8 21.Qf4 Kg7 22.Nf6
h6 23.Rab1 Qc3 24.Rf3 Qc5 25.Rbf1 Qc6 26.Qxh6+ {#r} 1-0

[Event "It (open)"]
[Site "masterchessopen.com Muehlhausen (Germany)"]
[Round "7"]
[White "Thinius Marco (GER)"]
[Black "Donchenko Anatoly G (GER)"]
[Result "1-0"]
[WhiteElo "2380"]
[BlackElo "2418"]

1.e4 c5 2.Nf3 d6 3.d4 cxd4 4.Nxd4 Nf6 5.Nc3 e6 6.Be2 a6 7.O-O Qc7 8.f4 Nbd7
9.Bf3 h5 10.Kh1 Rb8 11.Qe2 Be7 12.Re1 g6 13.e5 dxe5 14.fxe5 Ng4 15.Bf4 Qb6
16.Rad1 Qxb2 17.Nd5 Qa3 18.Nf6+ Kf8 19.Bxg4 hxg4 20.Nxe6+ fxe6 21.Qxg4 Qa4
22.Bh6+ {#r} 1-0

[Event "Ch Amateur Team (East)"]
[Site "masterchessopen.com Parsippany (USA)"]
[Round "5"]
[White "Gelman Geoffrey (USA)"]
[Black "Bauer Richard N (USA)"]
[Result "1-0"]
[WhiteElo "2221"]
[BlackElo "2269"]

1.e4 c5 2.Nf3 d6 3.d4 cxd4 4.Nxd4 Nf6 5.Nc3 a6 6.Be2 e6 7.O-O Qc7 8.f4 Nc6
9.Be3 Be7 10.Qe1 Nxd4 11.Bxd4 b5 12.Bf3 Bb7 13.Qg3 b4 14.Ne2 O-O 15.Rad1 Rfd8
16.Rd2 g6 17.Qf2 Nd7 18.Nc1 Bf6 19.e5 Be7 20.Nd3 Bxf3 21.Qxf3 d5 22.f5 exf5
23.g4 Bg5 24.gxf5 Nxe5 25.Bxe5 Qa7+ 26.Rdf2 {#r} 1-0

[Event "It (open)"]
[Site "masterchessopen.com San Martino di Castrozza (Italy)"]
[Round "1"]
[White "Roversi Stefano (ITA)"]
[Black "Valenti Giuseppe (ITA)"]
[Result "0-1"]
[WhiteElo "1874"]
[BlackElo "2269"]

1.e4 c5 2.Nf3 e6 3.d4 cxd4 4.Nxd4 a6 5.Be2 Nf6 6.Nc3 Qc7 7.O-O d6 8.f4 Be7
9.Be3 O-O 10.Bf3 Nc6 11.Qd2 Bd7 12.Qf2 b5 13.Nxc6 Bxc6 14.a3 Rac8 15.Rad1 Qb7
16.e5 dxe5 17.fxe5 Nd7 18.Qg3 Rfd8 19.Bh5 g6 20.Bg4 Bf8 21.Qf4 Nb6 22.Rxd8
Rxd8 23.Qf6 Re8 24.Bf3 Bxf3 25.Rxf3 Nc4 26.Bd4 Qd7 27.Qf4 Rd8 28.Rd3 Nxb2
29.Ne4 Nxd3 {#R} 0-1

[Event "Ch Slovakia (team) 2003/04"]
[Site "masterchessopen.com Slovakia"]
[Round "0"]
[White "Pepic Rizo (SRB)"]
[Black "David Pavel (CZE)"]
[Result "1-0"]
[WhiteElo "2270"]
[BlackElo "2421"]

1.e4 c5 2.Nf3 d6 3.d4 cxd4 4.Nxd4 Nf6 5.Nc3 a6 6.Be2 e6 7.O-O Qc7 8.f4 Be7
9.a4 Nc6 10.Be3 O-O 11.Kh1 Re8 12.Bf3 Na5 13.g4 e5 14.Nf5 Nc4 15.Bc1 Bxf5
16.exf5 exf4 17.g5 Nd7 18.Bxf4 Nde5 19.Nd5 Qd8 20.b3 Nb6 21.f6 gxf6 22.Nxe7+
Qxe7 23.gxf6 Qxf6 24.Bxb7 Ra7 25.Bg2 Qd8 26.Qd4 Nc8 27.Rad1 f6 28.c4 Qe7
29.Bh3 Kh8 30.Bg3 Rb7 31.Bh4 {#r} 1-0

[Event "It (open)"]
[Site "masterchessopen.com Campobasso (Italy)"]
[Date "2003.07.13"]
[Round "6"]
[White "Zelcic Robert (CRO)"]
[Black "Georgiev Krum (BUL)"]
[Result "0-1"]
[WhiteElo "2531"]
[BlackElo "2448"]

1.e4 c5 2.Nf3 d6 3.d4 cxd4 4.Nxd4 Nf6 5.Nc3 a6 6.Be2 e6 7.O-O Qc7 8.f4 Be7
9.Kh1 Nbd7 10.Bf3 h6 11.Nde2 g5 12.Ng3 Rg8 13.Bh5 gxf4 14.Bxf4 b5 15.a4 b4
16.Na2 Bb7 17.Nxb4 Qa5 18.Bd2 Nxh5 19.Nxh5 Bxe4 20.Ng3 Bb7 21.Qe2 Qe5 22.Qf2
Qg7 23.Bc3 Qh7 24.Rg1 Bh4 25.Rge1 h5 26.Re3 Bg5 27.Re2 h4 28.Qf5 Qh6 29.Nh5
Bxg2+ 30.Kg1 Be3+ 31.Rxe3 Be4+ {#R} 0-1

[Event "Ch Poland (team) (2nd liga)"]
[Site "masterchessopen.com Poland"]
[Date "2003.09.10"]
[Round "7"]
[White "Kosturkiewicz Jacek (POL)"]
[Black "Tyszkiewicz Zbigniew (POL)"]
[Result "1-0"]
[WhiteElo "2163"]
[BlackElo "2146"]

1.e4 c5 2.Nf3 e6 3.d4 cxd4 4.Nxd4 Nf6 5.Nc3 d6 6.Be2 a6 7.O-O Qc7 8.f4 Be7
9.Kh1 Nc6 10.Be3 Na5 11.a4 b6 12.Qe1 Bb7 13.Bd3 Nc6 14.Qg3 g6 15.Nxc6 Bxc6
16.Bd4 O-O 17.e5 Nh5 18.Qe3 Qb7 19.Be4 Rfb8 20.Rf2 d5 21.Bd3 Ng7 22.g4 Bc5
23.Ne2 Qe7 24.f5 exf5 25.gxf5 f6 26.fxg6 fxe5 27.Qh6 Nf5 28.Rxf5 Bxd4 29.Rf7
{#r} 1-0

[Event "Ch Ukraine (juniors) (under 18) (1/2 final)"]
[Site "masterchessopen.com Lvov (Ukraine)"]
[Date "2003.12.06"]
[Round "9"]
[White "Sivayev A (UKR)"]
[Black "Pylypchuk Oleg (UKR)"]
[Result "1-0"]
[WhiteElo "2260"]
[BlackElo "1994"]

1.e4 c5 2.Nf3 d6 3.d4 cxd4 4.Nxd4 Nf6 5.Nc3 a6 6.Be2 Qc7 7.O-O e6 8.Be3 Be7
9.a4 b6 10.Qd2 Bb7 11.f3 O-O 12.Rfd1 Rd8 13.Bf1 Nbd7 14.Qf2 Rac8 15.Nb3 Nc5
16.Be2 Qb8 17.Nxc5 dxc5 18.Rxd8+ Rxd8 19.a5 Qc7 20.axb6 Qxb6 21.Na4 Qa5
22.Bxc5 Bxc5 23.Qxc5 Qxc5+ 24.Nxc5 {#r} 1-0

[Event "Ch Thueringen"]
[Site "masterchessopen.com Thueringen (Germany)"]
[Date "2004.04.07"]
[Round "1"]
[White "Seidel Thomas (GER)"]
[Black "Sieber Stephan (GER)"]
[Result "0-1"]
[WhiteElo "1938"]
[BlackElo "2200"]

1.e4 c5 2.Nf3 d6 3.d4 cxd4 4.Nxd4 Nf6 5.Nc3 a6 6.Be2 e6 7.O-O Qc7 8.Be3 b5
9.a3 Bb7 10.Bf3 Nbd7 11.Re1 Be7 12.Nde2 Ne5 13.Ng3 d5 14.exd5 Nxf3+ 15.Qxf3
Nxd5 16.Nxd5 Bxd5 17.Qg4 O-O-O 18.Bf4 Qc6 19.f3 g5 20.Bd2 h5 21.Nxh5 f5 22.Qh3
g4 23.fxg4 fxg4 24.Qxg4 Rhg8 25.Ng7 Bf6 26.Bh6 Bxg7 27.Bxg7 Rd7 28.c4 Rdxg7
29.cxd5 Qc5+ {#R} 0-1

[Event "Ch Asia (juniors) (under 16) (g)"]
[Site "masterchessopen.com Teheran (Iran)"]
[Date "2004.04.08"]
[Round "8"]
[White "Arnavaei M (IRI)"]
[Black "Gevorgyan Irina (UZB)"]
[Result "0-1"]
[WhiteElo "1766"]
[BlackElo "2015"]

1.e4 c5 2.Nf3 e6 3.d4 cxd4 4.Nxd4 a6 5.Nc3 Qc7 6.Be2 Nf6 7.O-O d6 8.Be3 b5
9.a3 Be7 10.f4 Bb7 11.Bf3 Nbd7 12.Qe1 O-O 13.Rd1 Rfd8 14.g4 Nb6 15.Rf2 Nc4
16.Bc1 Rac8 17.g5 Nd7 18.Nce2 Bf8 19.Rg2 g6 20.Rg3 e5 21.fxe5 dxe5 22.Nb3 Bg7
23.Rh3 Nf8 24.Rxd8 Rxd8 25.Nc3 a5 26.Qf2 a4 27.Qc5 Qd7 28.Rg3 axb3 29.cxb3 Nd6
30.a4 Ne6 31.Qb4 Nd4 32.Be3 Nxf3+ 33.Rxf3 Nxe4 34.Nxb5 Qg4+ 35.Rg3 Rd1+ {#R}
0-1

[Event "Ch Slovakia"]
[Site "masterchessopen.com Bratislava (Slovakia)"]
[Round "4"]
[White "Bednar Jaromir (SVK)"]
[Black "Barancik Michal (SVK)"]
[Result "1-0"]
[WhiteElo "2368"]
[BlackElo "1921"]

1.e4 c5 2.Nf3 d6 3.d4 cxd4 4.Nxd4 Nf6 5.Nc3 e6 6.Be2 a6 7.O-O Qc7 8.f4 b5
9.Bf3 Bb7 10.Kh1 Nbd7 11.e5 dxe5 12.fxe5 Nxe5 13.Bf4 Bxf3 14.Nxf3 Bd6 15.Nd4
Nc4 16.Ndxb5 axb5 17.Nxb5 Qc6 18.Nxd6+ Nxd6 19.Qxd6 Qxd6 20.Bxd6 Ne4 21.Bb4 f5
22.a4 Kd7 23.Rfd1+ Kc6 24.Kg1 Rhb8 25.c3 g6 26.Rd4 Rb7 27.b3 Rd7 28.Rad1 Rxd4
29.Rxd4 h5 30.Kf1 e5 31.Rd3 Rb8 32.h4 Ra8 33.Ba3 Rb8 34.Bb4 Ra8 35.a5 Nd6 {#r}
1-0

[Event "Ch Hamburg (open)"]
[Site "masterchessopen.com Hamburg (Germany)"]
[Date "2004.06.02"]
[Round "6"]
[White "Guzman Enrique (BOL)"]
[Black "Stanke Juergen (GER)"]
[Result "0-1"]
[WhiteElo "2230"]
[BlackElo "2318"]

1.e4 c5 2.Nf3 e6 3.d4 cxd4 4.Nxd4 a6 5.Nc3 Qc7 6.Be2 Nf6 7.O-O d6 8.Be3 b5
9.a3 Bb7 10.f3 Nbd7 11.g4 h6 12.Qd2 d5 13.exd5 Nxd5 14.Nxd5 Bxd5 15.a4 b4
16.Rac1 Bd6 17.Nf5 Bxh2+ 18.Kh1 g6 19.Nd4 Bd6 20.c4 bxc3 21.Rxc3 Qd8 22.Kg2
Qh4 23.Bf4 Qxg4+ {#R} 0-1

[Event "It (cat.8)"]
[Site "masterchessopen.com Alushta (Ukraine)"]
[Date "2004.06.17"]
[Round "1"]
[White "Kargin Arseny (RUS)"]
[Black "Purtov Andrei (RUS)"]
[Result "0-1"]
[WhiteElo "2408"]
[BlackElo "2412"]

1.e4 c5 2.Nf3 e6 3.Nc3 a6 4.d4 cxd4 5.Nxd4 d6 6.Be2 Nf6 7.O-O Qc7 8.f4 Be7
9.Kh1 O-O 10.Qe1 b5 11.a3 Bb7 12.Bd3 Nbd7 13.Qg3 Rfe8 14.Bd2 Nc5 15.Rae1 Bf8
16.b4 Nxd3 17.cxd3 Rac8 18.Rc1 Qd7 19.Be3 g6 20.Nb3 Bg7 21.Bd4 Nh5 22.Qe3 Bh6
23.Qd2 e5 24.Be3 exf4 25.Bd4 Qg4 26.Rf3 Qe6 27.Na5 Ba8 28.Re1 f5 29.Re2 Qf7
30.Qe1 Bg7 {#R} 0-1

[Event "It (open)"]
[Site "masterchessopen.com Santxenxo (Spain)"]
[Date "2004.06.19"]
[Round "7"]
[White "Hernandez Yudania (ESP)"]
[Black "Cebrian Ramos Jose Luis (ESP)"]
[Result "1-0"]
[WhiteElo "2201"]
[BlackElo "2127"]

1.e4 c5 2.Nf3 d6 3.d4 cxd4 4.Nxd4 Nf6 5.Nc3 a6 6.Be2 e6 7.O-O Qc7 8.f4 Nbd7
9.Be3 b5 10.a3 Bb7 11.Bd3 Be7 12.g4 d5 13.e5 Ne4 14.Nce2 g6 15.Ng3 Ndc5 16.Qf3
h5 17.gxh5 Nxg3 18.hxg3 Rxh5 19.Kg2 Kd7 20.Rh1 Rah8 21.Rxh5 Rxh5 22.Qg4 Rh8
23.Rd1 Na4 24.f5 exf5 25.Bxf5+ gxf5 26.Qxf5+ Ke8 27.Rf1 Bc5 28.e6 Bxd4 29.Bxd4
Rf8 30.Re1 Qc6 31.exf7+ Kd8 32.Re6 Qd7 33.Bf6+ {#r} 1-0